| 000 | 00617nam a2200193Ii 4500 | ||
|---|---|---|---|
| 003 | JO-AjNU | ||
| 008 | 230605s9999||||xx |||||||||||||| ||und|| | ||
| 040 |
_aJO-AjNU _bara _erda _cJO-AjNU |
||
| 041 | _aara | ||
| 050 | 1 | 4 | _aHJ7033. J67 2000 |
| 100 | 3 |
_aوزارة المالية, _eauthor _946369 |
|
| 245 | 0 | 0 | _aالموسوعة الجمركية |
| 264 | 3 | 1 | _aعمان: وزارة المالية دائرة الجمارك، 2000 |
| 300 | _a282ص | ||
| 336 |
_atext _btxt _2rdacontent |
||
| 337 |
_aunmediated _bn _2rdamedia |
||
| 338 |
_avolume _bnc _2rdacarrier |
||
| 650 | 4 |
_aالجمارك - الاردن _946370 |
|
| 999 |
_aA20166 _c23734 _d23734 |
||